Loading...
Steve Jobs : the man who thought different : a biography /
| Main Author: | |
|---|---|
| Format: | Printed Book |
| Published: |
London :
Bloomsbury,
2012.
|
| LEADER | 00491nam a22001337a 4500 | ||
|---|---|---|---|
| 020 | |a 9781408832066 | ||
| 082 | |a 621.39092 BLU.S | ||
| 100 | |a Blumenthal, Karen. | ||
| 245 | |a Steve Jobs : |b the man who thought different : a biography / |c Karen Blumenthal. | ||
| 260 | |a London : |b Bloomsbury, |c 2012. | ||
| 300 | |a 310p.: | ||
| 942 | |c BK | ||
| 999 | |c 311494 |d 311494 | ||
| 952 | |0 0 |1 0 |4 0 |6 621_390920000000000_BLU_S |7 0 |9 333013 |a COM |b COM |d 2020-11-17 |g 399.00 |l 0 |o 621.39092 BLU.S |p COM 7871 |r 2020-11-17 |t 1 |w 2020-11-17 |y BK | ||